| 000 | 00837nam a22002297a 4500 | ||
|---|---|---|---|
| 999 |
_c19322 _d19322 |
||
| 003 | AR-CdUCM | ||
| 008 | 190517b ||||| |||| 00| 0 spa d | ||
| 040 |
_aMUNICIPALIDAD PROVINCIAL DEL CUSCO _cBIBLIOTECA MUNICIPAL DEL CUSCO |
||
| 082 |
_a513 / _bSI55 |
||
| 100 |
_aSilva Santisteban, Mario _940599 |
||
| 245 | _aAritmética teoría y practica / | ||
| 260 |
_aPerú : _bSan Marcos, _c2000. |
||
| 300 |
_a711 paginas ; _bDiagramas, formulas, _c23 cm. |
||
| 505 | _aContenido : Introducción a la lógica - matemática -- Teoría de conjuntos -- Relaciones y sus propiedades -- Función -- Problemas resueltos... | ||
| 650 |
_aMatemática _919387 |
||
| 650 |
_aAritmética _919777 |
||
| 650 |
_aFunciones _920052 |
||
| 650 |
_aFormulas _919258 |
||
| 650 |
_aNumeración _939210 |
||
| 942 |
_2ddc _cLIBROS |
||
| 945 |
_awnts _d2019-05-17 |
||